Quartiers de Lille - Statistiques

Statistiques générales
  • Ce quiz a été pris 862 fois
  • Le résultat moyen est 6 sur 12
Statistiques - réponses
Quartiers % Correct
Wazemmes
85%
Vieux-Lille
84%
Fives
67%
Lille-Sud
64%
Centre
59%
Moulins
51%
Hellemmes
45%
Lomme
42%
Bois Blancs
34%
Saint-Maurice Pellevoisin
29%
Vauban Esquermes
25%
Faubourg de Béthune
17%
Aucun quiz correspondant
Distribution des résultats
% des personnes avec chaque résultat
Percentile par nombre de réponses
Votre historique - résultats
Vous n’avez pas pris ce quiz